| 000 | 00404nam a22001577a 4500 | ||
|---|---|---|---|
| 999 |
_c7772 _d7772 |
||
| 003 | GBCCL | ||
| 005 | 20241126110636.0 | ||
| 008 | 180920b ||||| |||| 00| 0 eng d | ||
| 040 | _cgbc | ||
| 082 |
_aVER 813.54 _bGIN |
||
| 100 |
_aGinkhenpau, Valte _913560 |
||
| 245 |
_aLAPD : _bitna ziak a sihna gimnei thubuai suikhiakna |
||
| 260 |
_aLamka : _bAuthor, _c2018 |
||
| 300 | _a66p. ; | ||
| 942 |
_2ddc _cBK _02 |
||